| 000 | 00572 a2200169 4500 | ||
|---|---|---|---|
| 003 | NUST | ||
| 038 | _aa | ||
| 082 | _aBICSE-2 | ||
| 100 |
_aUsman Masood Anwar _993415 |
||
| 245 |
_aDynamic Vehicle Tracking System [Project BICSE2] _cUsman Masood Anwar |
||
| 260 |
_aIslamabad: _bNUST School of Electrical Engineering & Computer Science, _c2008. |
||
| 300 |
_a60 p. _b: ill. _c; 27 cm. + _e1CD-ROM |
||
| 500 | _aSupervisors : Dr. N D Gohar, Mr. Mujtaba Haider. | ||
| 563 | _aa | ||
| 856 | _uhttp://10.250.8.41:8080/xmlui/handle/123456789/8971 | ||
| 942 |
_cTHE _kBICSE-2 USM _2ddc |
||
| 999 |
_c9344 _d9344 |
||